טוען...

The Politics of Tourism, Poverty Reduction and Sustainable Development

מידע ביבליוגרפי
מחבר ראשי: Anita Pleumarom
פורמט: Printed Book
יצא לאור: Penang Third World Network 2012
נושאים:
גישה מקוונת:http://10.26.1.76/ks/006640.pdf
LEADER 00471nam a22001217a 4500
999 |c 114124  |d 114124 
100 |a Anita Pleumarom  |9 45572 
245 |a The Politics of Tourism, Poverty Reduction and Sustainable Development  
260 |a Penang  |b Third World Network   |c 2012 
650 |a RESPONSIBLE TOURISM;  |a SUSTAINABLE TOURISM;  |a ECOTOURISM   |9 45573 
856 |u http://10.26.1.76/ks/006640.pdf 
942 |c KS 
952 |0 0  |1 0  |4 0  |7 0  |9 110879  |a MGUL  |b MGUL  |d 2016-11-10  |l 0  |r 2016-11-10  |w 2016-11-10  |y KS